000 00403cam a2200157ua 4500
003 OSt
008 250315b |||||||| |||| 00| 0 eng d
041 _aeng
082 _a621.9
_bRAG/CO
100 _aRaghuvanshi, B S .
_9682
245 _aCourse in workshop technology /
250 _a6 /
260 _aNew Delhi :
_bDhanpat Rai Publishing Co. Pvt. Ltd. ,
_c1995.
300 _a548 ; .
942 _cBK
999 _c9803
_d9803